[Event "10. Open Internacional de Málaga"]
[Site "Campillos ESP"]
[Date "2007.03.01"]
[Round "7.7"]
[White "Suba, Mihai"]
[Black "Camacho Collados, Jose"]
[Result "1-0"]
[WhiteElo "2529"]
[BlackElo "2306"]
[PlyCount "87"]
[EventDate "2007.02.24"]
[EventType "swiss"]
[EventRounds "9"]
[EventCountry "ESP"]
[Source "lmi"]
[SourceDate "2007.02.24"]

1. c4 Nf6 2. Nf3 g6 3. g3 Bg7 4. Bg2 O-O 5. O-O c6 6. Qc2 d5 7. b3 b6 8. Bb2
Bb7 9. Rd1 Nbd7 10. d4 Rc8 11. Nc3 Ba6 12. Ne5 Qc7 13. Rac1 Nxe5 14. dxe5 Nd7
15. cxd5 cxd5 16. Qd2 Qxe5 17. Nxd5 Qd6 18. Bxg7 Kxg7 19. Nc7 Qxd2 20. Rxd2 Nc5
21. Rxc5 bxc5 22. Nxa6 c4 23. Bb7 c3 24. Rc2 Rcd8 25. Rxc3 Rd2 26. Re3 e6 27.
a3 Rfd8 28. b4 Rc2 29. f4 Rd6 30. Kf2 Rb6 31. Be4 Rc1 32. Nc5 Rc4 33. Bd3 Rc1
34. Nb3 Rc3 35. Na5 Kf6 36. b5 Rc1 37. a4 h5 38. Nc4 Rb8 39. Ne5 Rh8 40. h4 Re8
41. a5 Ra1 42. b6 axb6 43. axb6 Ke7 44. b7 1-0

[Event "10. Open Internacional de Málaga"]
[Site "Campillos ESP"]
[Date "2007.03.01"]
[Round "7.8"]
[White "Cruz Ravina, Francisco Javier"]
[Black "Zambrana, Oswaldo"]
[Result "0-1"]
[WhiteElo "2285"]
[BlackElo "2495"]
[PlyCount "42"]
[EventDate "2007.02.24"]
[EventType "swiss"]
[EventRounds "9"]
[EventCountry "ESP"]
[Source "lmi"]
[SourceDate "2007.02.24"]

1. e4 c5 2. Nf3 Nc6 3. d3 g6 4. g3 Bg7 5. Bg2 e5 6. O-O Nge7 7. Nc3 O-O 8. Nh4
d6 9. f4 exf4 10. Bxf4 h6 11. Be3 Ne5 12. Kh1 Be6 13. Qd2 Kh7 14. Rae1 Rc8 15.
Nf5 gxf5 16. exf5 Nxf5 17. Be4 d5 18. Bxc5 dxe4 19. Bxf8 e3 20. Qd1 Bxf8 21.
Rf4 Ng6 0-1

[Event "10. Open Internacional de Málaga"]
[Site "Campillos ESP"]
[Date "2007.03.01"]
[Round "7.10"]
[White "Kovacevic, Slobodan"]
[Black "Diogo, Vasco"]
[Result "1-0"]
[WhiteElo "2328"]
[BlackElo "2208"]
[PlyCount "37"]
[EventDate "2007.02.24"]
[EventType "swiss"]
[EventRounds "9"]
[EventCountry "ESP"]
[Source "lmi"]
[SourceDate "2007.02.24"]

1. d4 Nf6 2. Nf3 e6 3. Bf4 c5 4. e3 Qb6 5. Nc3 cxd4 6. exd4 Qxb2 7. Nb5 Nd5 8.
Rb1 Qxa2 9. Bd2 Na6 10. Ra1 Qb2 11. Bc4 Nab4 12. O-O Qxc2 13. Qe2 Rb8 14. Rad1
Qg6 15. Bxd5 Nxd5 16. Nxa7 Bd6 17. Nb5 Bc7 18. Ne5 Bxe5 19. Qxe5 1-0

[Event "10. Open Internacional de Málaga"]
[Site "Campillos ESP"]
[Date "2007.03.01"]
[Round "7.12"]
[White "Lopez, Jorge"]
[Black "Fomani, Mehdi"]
[Result "1-0"]
[WhiteElo "2271"]
[BlackElo "2162"]
[PlyCount "83"]
[EventDate "2007.02.24"]
[EventType "swiss"]
[EventRounds "9"]
[EventCountry "ESP"]
[Source "lmi"]
[SourceDate "2007.02.24"]

1. d4 Nf6 2. Nf3 e6 3. c4 c5 4. d5 exd5 5. cxd5 d6 6. Nc3 g6 7. g3 Bg7 8. Bg2
O-O 9. O-O a6 10. a4 Nbd7 11. Qc2 Rb8 12. a5 Qc7 13. Nd2 b5 14. axb6 Nxb6 15.
e4 Re8 16. Ra2 Ng4 17. Nd1 f5 18. h3 Nf6 19. Nc3 fxe4 20. Ndxe4 Kh8 21. Ng5 Bf5
22. Qd1 h6 23. Ne6 Bxe6 24. dxe6 Rxe6 25. Rxa6 g5 26. Na4 Nxa4 27. Qxa4 Re7 28.
h4 g4 29. Qf4 Re5 30. Bd2 Rf8 31. Qa4 Rb8 32. Ra7 Qb6 33. Bc3 Ree8 34. Rxg7
Kxg7 35. Qxg4+ Kf7 36. Qf5 Qd8 37. Bd5+ Kg7 38. h5 Re5 39. Qg6+ Kh8 40. Qxh6+
Nh7 41. f4 c4 42. fxe5 1-0

[Event "10. Open Internacional de Málaga"]
[Site "Campillos ESP"]
[Date "2007.03.01"]
[Round "7.13"]
[White "Ladron de Guevara Pinto, Miguel"]
[Black "Naranjo Moreno, Antonio"]
[Result "0-1"]
[WhiteElo "2093"]
[BlackElo "2224"]
[PlyCount "62"]
[EventDate "2007.02.24"]
[EventType "swiss"]
[EventRounds "9"]
[EventCountry "ESP"]
[Source "lmi"]
[SourceDate "2007.02.24"]

1. e4 e5 2. Nf3 Nc6 3. Bb5 a6 4. Ba4 Nf6 5. O-O Nxe4 6. d4 b5 7. Bb3 d5 8. dxe5
Be6 9. Nbd2 Nc5 10. c3 d4 11. Bxe6 Nxe6 12. cxd4 Ncxd4 13. Nxd4 Qxd4 14. Nf3
Qxd1 15. Rxd1 Bc5 16. b3 O-O 17. Bb2 Rfd8 18. g3 Bb6 19. Rac1 c5 20. Kf1 Ba5
21. Ke2 Kf8 22. Ba3 Bb6 23. Rc2 a5 24. Rcd2 Ke7 25. Nd4 Nxd4+ 26. Rxd4 Rxd4 27.
Rxd4 b4 28. Rd6 Bc7 29. Bb2 Bxd6 30. exd6+ Kxd6 31. Bxg7 a4 0-1

[Event "10. Open Internacional de Málaga"]
[Site "Campillos ESP"]
[Date "2007.03.01"]
[Round "7.15"]
[White "Leite, Catarina"]
[Black "Rubio Doblas, Ricardo"]
[Result "1-0"]
[WhiteElo "2218"]
[BlackElo "2065"]
[PlyCount "110"]
[EventDate "2007.02.24"]
[EventType "swiss"]
[EventRounds "9"]
[EventCountry "ESP"]
[Source "lmi"]
[SourceDate "2007.02.24"]

1. e4 e5 2. Nf3 Nc6 3. Bc4 Nf6 4. Qe2 Be7 5. O-O O-O 6. c3 d6 7. d3 Na5 8. Rd1
Bg4 9. Bb5 a6 10. Ba4 b5 11. Bc2 c5 12. Nbd2 Qc7 13. Nf1 c4 14. h3 Bh5 15. Ne3
Rfe8 16. Nf5 d5 17. Bg5 dxe4 18. dxe4 Nc6 19. a4 h6 20. Bxf6 Bxf6 21. Rd5 Rab8
22. axb5 axb5 23. Nd6 Red8 24. Nxb5 Qb6 25. Ba4 Na5 26. Rxd8+ Rxd8 27. Rd1 Bg6
28. Rxd8+ Qxd8 29. Nd2 Bg5 30. Nf3 Bf6 31. g3 Qd7 32. Kg2 Qc6 33. Nd2 Bg5 34.
f3 Qd7 35. Nf1 f5 36. h4 Be7 37. Qd2 Qd3 38. Bc2 Qxd2+ 39. Nxd2 fxe4 40. Bxe4
Bf7 41. Nc7 Bc5 42. Nd5 Kf8 43. Kf1 Ke8 44. Nb4 Kd7 45. Ke2 Kd6 46. Nc2 Nc6 47.
Ne3 Na5 48. Nf5+ Ke6 49. Nxg7+ Kf6 50. Nf5 h5 51. Bc2 Bg1 52. Nd6 Be6 53. N6e4+
Ke7 54. Ng5 Kd7 55. Be4 Bb6 1-0

[Event "10. Open Internacional de Málaga"]
[Site "Campillos ESP"]
[Date "2007.03.01"]
[Round "7.16"]
[White "Moussard, Jules"]
[Black "Medina Menendez, Eduardo Matias"]
[Result "1-0"]
[WhiteElo "2190"]
[BlackElo "2049"]
[PlyCount "95"]
[EventDate "2007.02.24"]
[EventType "swiss"]
[EventRounds "9"]
[EventCountry "ESP"]
[Source "lmi"]
[SourceDate "2007.02.24"]

1. e4 e5 2. Nf3 d6 3. Bc4 Be7 4. O-O Nf6 5. Re1 Bg4 6. h3 Bh5 7. d3 Nc6 8. c3
Na5 9. Bb5+ c6 10. Ba4 b5 11. Bc2 O-O 12. Nbd2 h6 13. Nf1 Nh7 14. Ng3 Bg6 15.
d4 Bf6 16. b3 c5 17. Be3 cxd4 18. cxd4 Nc6 19. Qd2 a5 20. d5 Nb4 21. Bb1 Ng5
22. Nh2 h5 23. h4 Nh7 24. Qe2 Bxh4 25. Nxh5 f5 26. exf5 Bxf5 27. Bxf5 Rxf5 28.
Qg4 Rxh5 29. Qxh5 Nc2 30. Nf3 Bf6 31. Rac1 Nxe1 32. Rxe1 Rc8 33. g4 Qe8 34. Qf5
Nf8 35. Kg2 Rc3 36. g5 Be7 37. Rh1 Qg6 38. Qg4 Qf7 39. Qe4 Qg6 40. Qh4 Kf7 41.
Qg4 Qd3 42. Rd1 Qg6 43. Nh4 Qc2 44. Rd2 Qb1 45. g6+ Ke8 46. Nf5 Rc1 47. Nxg7+
Kd8 48. Bb6+ 1-0

[Event "10. Open Internacional de Málaga"]
[Site "Campillos ESP"]
[Date "2007.03.01"]
[Round "7.17"]
[White "Garcia Rodriguez, Victor"]
[Black "Fenollar Jorda, Manuel"]
[Result "0-1"]
[WhiteElo "1975"]
[BlackElo "2307"]
[PlyCount "60"]
[EventDate "2007.02.24"]
[EventType "swiss"]
[EventRounds "9"]
[EventCountry "ESP"]
[Source "lmi"]
[SourceDate "2007.02.24"]

1. e4 e5 2. Nf3 Nc6 3. Bb5 a6 4. Ba4 Nf6 5. Qe2 b5 6. Bb3 Bc5 7. c3 d6 8. O-O
O-O 9. h3 Bb6 10. Rd1 Qe8 11. d3 Ne7 12. Nbd2 Ng6 13. Nf1 Nh5 14. g3 Be6 15.
Bc2 h6 16. d4 Bxh3 17. Nxe5 Nxg3 18. Nxg3 dxe5 19. Qh5 Be6 20. Nf5 f6 21. Nxg7
Kxg7 22. Qxh6+ Kg8 23. d5 Rf7 24. Qh5 Rh7 25. Qf3 Nh4 26. Qxf6 Bg4 27. Rd3 Nf3+
28. Rxf3 Bxf3 29. Qxf3 Qg6+ 30. Kf1 Rf8 0-1

[Event "10. Open Internacional de Málaga"]
[Site "Campillos ESP"]
[Date "2007.03.01"]
[Round "7.18"]
[White "Ortega Gonzalez, Jose Luis"]
[Black "Linan Baena, Jeronimo"]
[Result "0-1"]
[WhiteElo "1899"]
[BlackElo "2186"]
[PlyCount "98"]
[EventDate "2007.02.24"]
[EventType "swiss"]
[EventRounds "9"]
[EventCountry "ESP"]
[Source "lmi"]
[SourceDate "2007.02.24"]

1. d4 Nf6 2. c4 g6 3. g3 Bg7 4. Bg2 O-O 5. e3 d6 6. Ne2 c6 7. Nbc3 e5 8. dxe5
dxe5 9. Qc2 Na6 10. a3 Be6 11. b3 Nc5 12. O-O Qd3 13. Qxd3 Nxd3 14. e4 Nxc1 15.
Raxc1 Rfd8 16. Rcd1 Bf8 17. a4 a5 18. Rxd8 Rxd8 19. Rd1 Rxd1+ 20. Nxd1 Nd7 21.
Nc1 Nc5 22. Nb2 f6 23. f3 Bh6 24. Nbd3 Be3+ 25. Kf1 Nxd3 26. Nxd3 b5 27. Ke2
bxc4 28. bxc4 Bd4 29. Kd2 Bxc4 30. Kc2 Kf7 31. Nb2 Bxb2 32. Kxb2 Be2 33. Kc3
Bd1 34. Kc4 Bxa4 35. Kc5 Bb5 36. Bh3 Ke7 37. f4 a4 38. Kb4 c5+ 39. Ka3 Kd6 40.
Bg2 Kc6 41. Bf3 Kb6 42. Bd1 Ka5 43. Bc2 c4 44. Bb1 Bc6 45. Bc2 c3 46. Bd3 Bb5
47. Bb1 g5 48. Bc2 gxf4 49. gxf4 exf4 0-1

[Event "10. Open Internacional de Málaga"]
[Site "Campillos ESP"]
[Date "2007.03.01"]
[Round "7.20"]
[White "Borrego Gil, Diego"]
[Black "Almagro Guardia, Elena"]
[Result "1-0"]
[WhiteElo "2082"]
[BlackElo "1921"]
[PlyCount "81"]
[EventDate "2007.02.24"]
[EventType "swiss"]
[EventRounds "9"]
[EventCountry "ESP"]
[Source "lmi"]
[SourceDate "2007.02.24"]

1. Nf3 d5 2. d4 e6 3. c4 c6 4. Nc3 dxc4 5. a4 Bb4 6. e3 b5 7. Bd2 a5 8. Ne5 Nf6
9. Qf3 Bxc3 10. Bxc3 Ra7 11. Nxc6 Nxc6 12. Qxc6+ Bd7 13. Qc5 Rb7 14. axb5 Rxb5
15. Qa7 Ne4 16. Bxa5 Qc8 17. Bc3 Nxc3 18. bxc3 O-O 19. Be2 Rb3 20. Qa5 Qb7 21.
O-O Rc8 22. Bxc4 Rb6 23. Ba6 Rxa6 24. Qxa6 Qxa6 25. Rxa6 Bb5 26. Ra3 Bxf1 27.
Kxf1 Kf8 28. Ke2 Rc7 29. Kd3 Ke7 30. e4 Rb7 31. Ra2 Kd6 32. f4 f6 33. g3 g6 34.
h3 Rb1 35. Ra6+ Kd7 36. Ra7+ Kc6 37. Rxh7 Rg1 38. g4 Rg3+ 39. Kc4 Rf3 40. Rh6
Rxf4 41. Rxg6 1-0

[Event "10. Open Internacional de Málaga"]
[Site "Campillos ESP"]
[Date "2007.03.02"]
[Round "8.1"]
[White "Sakelsek, Tadej"]
[Black "Strikovic, Aleksa"]
[Result "1/2-1/2"]
[WhiteElo "2454"]
[BlackElo "2557"]
[PlyCount "24"]
[EventDate "2007.02.24"]
[EventType "swiss"]
[EventRounds "9"]
[EventCountry "ESP"]
[Source "lmi"]
[SourceDate "2007.02.24"]

1. e4 e5 2. Nf3 Nc6 3. Bb5 a6 4. Ba4 Nf6 5. O-O Be7 6. Re1 b5 7. Bb3 O-O 8. d3
d6 9. a3 Na5 10. Ba2 c5 11. Nc3 Nc6 12. Bg5 Ne8 1/2-1/2

[Event "10. Open Internacional de Málaga"]
[Site "Campillos ESP"]
[Date "2007.03.02"]
[Round "8.2"]
[White "Matamoros Franco, Carlos S"]
[Black "Bellon Lopez, Juan Manuel"]
[Result "1-0"]
[WhiteElo "2540"]
[BlackElo "2442"]
[PlyCount "65"]
[EventDate "2007.02.24"]
[EventType "swiss"]
[EventRounds "9"]
[EventCountry "ESP"]
[Source "lmi"]
[SourceDate "2007.02.24"]

1. Nf3 c5 2. c4 g6 3. d4 Bg7 4. e4 d6 5. d5 b5 6. cxb5 Nf6 7. Nc3 O-O 8. a4 a6
9. Be2 axb5 10. Bxb5 Ba6 11. Rb1 Ne8 12. O-O Nc7 13. Qe2 Nd7 14. Bd2 Qb8 15.
Rfc1 Rc8 16. h3 Ra7 17. b4 Bxc3 18. Bxc3 Bxb5 19. axb5 Nxb5 20. Bb2 f6 21. bxc5
Rxc5 22. Nd4 Nxd4 23. Bxd4 Rb7 24. Qd1 Rxc1 25. Rxc1 Rc7 26. Rc6 Kf7 27. Qc2
Rb7 28. Rc8 Rb1+ 29. Kh2 Qb4 30. Qc6 Qxd4 31. Qxd7 Qe5+ 32. g3 f5 33. Qe8+ 1-0

[Event "10. Open Internacional de Málaga"]
[Site "Campillos ESP"]
[Date "2007.03.02"]
[Round "8.3"]
[White "Djuric, Stefan"]
[Black "Tratar, Marko"]
[Result "1-0"]
[WhiteElo "2464"]
[BlackElo "2478"]
[PlyCount "67"]
[EventDate "2007.02.24"]
[EventType "swiss"]
[EventRounds "9"]
[EventCountry "ESP"]
[Source "lmi"]
[SourceDate "2007.02.24"]

1. d4 d6 2. Nf3 Nf6 3. c4 g6 4. Nc3 Bg7 5. e4 O-O 6. Bd3 Bg4 7. Be2 Nfd7 8. Ng1
Bxe2 9. Ngxe2 c5 10. d5 Na6 11. O-O Nc7 12. Rb1 Re8 13. Bg5 a6 14. a4 Rb8 15.
a5 b5 16. axb6 Rxb6 17. f4 Qb8 18. b3 Rb7 19. e5 f6 20. e6 fxg5 21. exd7 Rf8
22. Ne4 Qd8 23. Nxg5 Qxd7 24. Ng3 h6 25. N5e4 Rb6 26. Kh1 Rf7 27. Qd3 e6 28.
Nd2 exd5 29. cxd5 Qg4 30. Nc4 Rb4 31. h3 Qh4 32. Qxg6 Qf6 33. Qh5 a5 34. Ne3
1-0

[Event "10. Open Internacional de Málaga"]
[Site "Campillos ESP"]
[Date "2007.03.02"]
[Round "8.4"]
[White "Kovacevic, Slobodan"]
[Black "Suba, Mihai"]
[Result "1/2-1/2"]
[WhiteElo "2328"]
[BlackElo "2529"]
[PlyCount "32"]
[EventDate "2007.02.24"]
[EventType "swiss"]
[EventRounds "9"]
[EventCountry "ESP"]
[Source "lmi"]
[SourceDate "2007.02.24"]

1. Nf3 Nf6 2. c4 c5 3. b3 g6 4. Bb2 Bg7 5. e3 O-O 6. Be2 b6 7. O-O Bb7 8. d3
Nc6 9. Nbd2 d5 10. cxd5 Qxd5 11. a3 Rfd8 12. Qc2 Rac8 13. Rac1 Qe6 14. Rfe1 h6
15. Qb1 Nd5 16. Bxg7 Kxg7 1/2-1/2

[Event "10. Open Internacional de Málaga"]
[Site "Campillos ESP"]
[Date "2007.03.02"]
[Round "8.5"]
[White "Zambrana, Oswaldo"]
[Black "Pilaj, Herwig"]
[Result "1-0"]
[WhiteElo "2495"]
[BlackElo "2373"]
[PlyCount "95"]
[EventDate "2007.02.24"]
[EventType "swiss"]
[EventRounds "9"]
[EventCountry "ESP"]
[Source "lmi"]
[SourceDate "2007.02.24"]

1. e4 e6 2. d4 d5 3. Nd2 c5 4. Ngf3 cxd4 5. exd5 Qxd5 6. Bc4 Qd6 7. O-O Nf6 8.
Nb3 Nc6 9. Nbxd4 Nxd4 10. Nxd4 Bd7 11. b3 O-O-O 12. a4 a6 13. Be3 h5 14. h3 Nd5
15. Bg5 f6 16. Bc1 Nc3 17. Qd3 e5 18. Qxc3 Qxd4 19. Qxd4 exd4 20. Bb2 Bf5 21.
Bd3 Bxd3 22. cxd3 Kb8 23. Rac1 Bb4 24. Rc4 Bc3 25. Bxc3 dxc3 26. Rxc3 Rd4 27.
Rd1 Rc8 28. Rc4 Rcd8 29. Rxd4 Rxd4 30. Kf1 Rb4 31. Rb1 Kc7 32. Ke2 Kd6 33. Kd2
Rf4 34. f3 a5 35. Re1 Rb4 36. Kc3 Rb6 37. Re4 Kd5 38. Rd4+ Ke6 39. Rc4 Kd6 40.
d4 h4 41. Rc5 Ra6 42. Rb5 Rc6+ 43. Kd2 b6 44. Rh5 g5 45. f4 gxf4 46. Rxh4 Kd5
47. Rxf4 Re6 48. h4 1-0

[Event "10. Open Internacional de Málaga"]
[Site "Campillos ESP"]
[Date "2007.03.02"]
[Round "8.6"]
[White "Fernandez Romero, Ernesto"]
[Black "Colovic, Aleksandar"]
[Result "1/2-1/2"]
[WhiteElo "2434"]
[BlackElo "2463"]
[PlyCount "21"]
[EventDate "2007.02.24"]
[EventType "swiss"]
[EventRounds "9"]
[EventCountry "ESP"]
[Source "lmi"]
[SourceDate "2007.02.24"]

1. e4 c5 2. Nf3 d6 3. d4 Nf6 4. Nc3 cxd4 5. Nxd4 a6 6. Bg5 e6 7. f4 Qb6 8. Qd2
Nc6 9. O-O-O Qxd4 10. Qxd4 Nxd4 11. Rxd4 1/2-1/2

[Event "10. Open Internacional de Málaga"]
[Site "Campillos ESP"]
[Date "2007.03.02"]
[Round "8.7"]
[White "Naranjo Moreno, Antonio"]
[Black "Dias, Paulo"]
[Result "1/2-1/2"]
[WhiteElo "2224"]
[BlackElo "2425"]
[PlyCount "147"]
[EventDate "2007.02.24"]
[EventType "swiss"]
[EventRounds "9"]
[EventCountry "ESP"]
[Source "lmi"]
[SourceDate "2007.02.24"]

1. e4 e5 2. Nf3 Nc6 3. Bb5 Nf6 4. d3 d6 5. c3 g6 6. Nbd2 Bg7 7. Nf1 O-O 8. Ng3
Re8 9. O-O Bd7 10. Ba4 a5 11. Re1 h6 12. d4 Rb8 13. Bb3 exd4 14. cxd4 Bg4 15.
h3 Bxf3 16. gxf3 Nh7 17. Be3 Qf6 18. Rc1 Rbc8 19. Rc4 h5 20. Kg2 h4 21. Ne2 Ne7
22. Nc3 g5 23. Qd2 c6 24. e5 dxe5 25. Ne4 Qg6 26. dxe5 Bxe5 27. Nxg5 Rcd8 28.
Qc1 Nd5 29. Rxh4 Nxe3+ 30. Qxe3 Nxg5 31. Rg4 Bg7 32. Qxg5 Qxg5 33. Rxe8+ Rxe8
34. Rxg5 Re5 35. Rg4 b5 36. Rf4 Re7 37. Rg4 Kf8 38. Bc2 Bxb2 39. Be4 Rc7 40.
Bd3 Rd7 41. Be4 Rd6 42. Rg5 Bd4 43. a4 b4 44. Rxa5 c5 45. Ra8+ Ke7 46. a5 c4
47. Rb8 b3 48. Rb4 Bc3 49. Rxc4 Bxa5 50. Rc5 Bb4 51. Rb5 Rd4 52. Bb1 b2 53. Rb6
Kd7 54. Ba2 f5 55. Bb1 Kc7 56. Rb5 f4 57. h4 Kc6 58. Rb8 Kc5 59. h5 Rd1 60. Be4
Rd6 61. Kh3 Rd1 62. Rc8+ Kb5 63. Rb8+ Kc4 64. Rc8+ Bc5 65. Kg4 b1=Q 66. Bxb1
Rxb1 67. Kxf4 Rh1 68. Kg5 Kd5 69. Kg6 Bxf2 70. h6 Bd4 71. Rd8+ Kc5 72. Rxd4
Kxd4 73. h7 Ke5 74. Kg7 1/2-1/2

[Event "10. Open Internacional de Málaga"]
[Site "Campillos ESP"]
[Date "2007.03.02"]
[Round "8.8"]
[White "Picazo Lopez, Juan Antonio"]
[Black "Ivanov, Jordan"]
[Result "0-1"]
[WhiteElo "2220"]
[BlackElo "2377"]
[PlyCount "92"]
[EventDate "2007.02.24"]
[EventType "swiss"]
[EventRounds "9"]
[EventCountry "ESP"]
[Source "lmi"]
[SourceDate "2007.02.24"]

1. d4 d5 2. c4 dxc4 3. e4 Nf6 4. e5 Nd5 5. Bxc4 Nb6 6. Bd3 Nc6 7. Be3 Nb4 8.
Be4 f5 9. exf6 exf6 10. Nc3 f5 11. Bf3 N4d5 12. Bd2 Be6 13. Nge2 Qd7 14. O-O
O-O-O 15. Re1 Rg8 16. Bg5 Re8 17. Nf4 Nxf4 18. Bxf4 g5 19. Be5 Bd6 20. Rc1 a6
21. b3 g4 22. Be2 Bxe5 23. dxe5 Rd8 24. Qxd7+ Rxd7 25. Rcd1 Rgd8 26. Rxd7 Rxd7
27. Rd1 Rxd1+ 28. Bxd1 Nd7 29. Ne2 Nxe5 30. Nd4 Kd7 31. Bc2 Nc6 32. Nxf5 Nb4
33. Nd4 Nxc2 34. Nxc2 c5 35. Ne3 b5 36. Kf1 Kd6 37. Ke2 Ke5 38. Kd3 h5 39. Nf1
c4+ 40. Kc2 b4 41. Ne3 c3 42. a3 a5 43. a4 Kd4 44. Nf1 Bf5+ 45. Kc1 Kd3 46. Ng3
Bg6 0-1

[Event "10. Open Internacional de Málaga"]
[Site "Campillos ESP"]
[Date "2007.03.02"]
[Round "8.9"]
[White "Recuero Guerra, David"]
[Black "Leite, Catarina"]
[Result "1/2-1/2"]
[WhiteElo "2357"]
[BlackElo "2218"]
[PlyCount "138"]
[EventDate "2007.02.24"]
[EventType "swiss"]
[EventRounds "9"]
[EventCountry "ESP"]
[Source "lmi"]
[SourceDate "2007.02.24"]

1. e4 e5 2. Nf3 Nc6 3. Bb5 a6 4. Ba4 Nf6 5. O-O b5 6. Bb3 Bc5 7. a4 Rb8 8. c3
d6 9. d4 Bb6 10. axb5 axb5 11. Qd3 O-O 12. Bg5 Qe7 13. Nbd2 Bd7 14. Rfe1 Rfe8
15. dxe5 Nxe5 16. Nxe5 dxe5 17. Qf3 Rbd8 18. Nf1 Bg4 19. Bxf6 Qxf6 20. Qxf6
gxf6 21. h3 Be6 22. Bc2 Bc4 23. Red1 Be2 24. Rxd8 Rxd8 25. Ng3 Bc4 26. Rd1
Rxd1+ 27. Bxd1 Kf8 28. Be2 Bxe2 29. Nxe2 Ke7 30. Kf1 c5 31. b3 c4 32. b4 Ke6
33. Ng3 Bd8 34. Nf5 Bb6 35. Ke2 Ba7 36. g4 Bb6 37. Nh4 Ba7 38. Ng2 Bb6 39. Ne1
Ba7 40. Nc2 Kd6 41. Kf3 Bb6 42. Ne3 Bxe3 43. Kxe3 Ke7 44. Kf3 Kf8 45. Kg3 Kg7
46. f4 Kg6 47. Kf3 h5 48. gxh5+ Kxh5 49. fxe5 fxe5 50. Kg3 Kg5 51. h4+ Kh5 52.
Kh3 Kg6 53. Kg4 Kh6 54. h5 Kh7 55. Kg5 Kg7 56. Kf5 Kh6 57. Kxe5 Kxh5 58. Kd5
Kg5 59. Kc5 Kf4 60. Kxb5 Kxe4 61. Kxc4 f5 62. b5 f4 63. b6 f3 64. b7 f2 65.
b8=Q f1=Q+ 66. Kc5 Qf2+ 67. Kc4 Qf1+ 68. Kc5 Qf2+ 69. Kc6 Qf6+ 1/2-1/2

[Event "10. Open Internacional de Málaga"]
[Site "Campillos ESP"]
[Date "2007.03.02"]
[Round "8.11"]
[White "Serrano Marhuenda, Salvador"]
[Black "Lopez, Jorge"]
[Result "0-1"]
[WhiteElo "2143"]
[BlackElo "2271"]
[PlyCount "46"]
[EventDate "2007.02.24"]
[EventType "swiss"]
[EventRounds "9"]
[EventCountry "ESP"]
[Source "lmi"]
[SourceDate "2007.02.24"]

1. e4 Nf6 2. e5 Nd5 3. d4 d6 4. Nf3 Nc6 5. c4 Nb6 6. exd6 exd6 7. Be2 Be7 8.
O-O O-O 9. h3 Bf5 10. Nc3 Bf6 11. b3 Re8 12. Bb2 Qd7 13. Kh2 h6 14. d5 Ne7 15.
Nd4 Bh7 16. a4 a5 17. Bg4 Qd8 18. Qd2 Nd7 19. Ncb5 Nc5 20. f4 c6 21. dxc6 bxc6
22. Na3 Qb6 23. Rf3 Ne4 0-1

[Event "10. Open Internacional de Málaga"]
[Site "Campillos ESP"]
[Date "2007.03.02"]
[Round "8.12"]
[White "Fenollar Jorda, Manuel"]
[Black "Borrego Gil, Diego"]
[Result "1-0"]
[WhiteElo "2307"]
[BlackElo "2082"]
[PlyCount "71"]
[EventDate "2007.02.24"]
[EventType "swiss"]
[EventRounds "9"]
[EventCountry "ESP"]
[Source "lmi"]
[SourceDate "2007.02.24"]

1. d4 f5 2. Nf3 Nf6 3. c3 g6 4. Bg5 Bg7 5. Nbd2 O-O 6. Qc2 d6 7. e4 fxe4 8.
Nxe4 Kh8 9. Bd3 Bf5 10. h4 h6 11. Bd2 Qc8 12. O-O-O h5 13. Rde1 e6 14. Neg5 Nc6
15. Bxf5 exf5 16. Ne6 Re8 17. Nf4 Kh7 18. Ng5+ Kh6 19. f3 Qd7 20. Nfe6 Nd8 21.
Nxd8 Raxd8 22. Ne6+ Kh7 23. Nxd8 Rxd8 24. Bg5 Rf8 25. Re2 Rf7 26. Rhe1 c6 27.
Re3 Nd5 28. Re8 Nf6 29. Ra8 b6 30. Qe2 Qb7 31. Qe6 Nd5 32. Rd8 Bh6 33. Rxd6
Bxg5+ 34. hxg5 Nf4 35. Qe8 Nd3+ 36. Kd2 1-0

[Event "10. Open Internacional de Málaga"]
[Site "Campillos ESP"]
[Date "2007.03.02"]
[Round "8.13"]
[White "Camacho Collados, Jose"]
[Black "Guadamuro Torrente, Ana Isabel"]
[Result "1-0"]
[WhiteElo "2306"]
[BlackElo "2107"]
[PlyCount "49"]
[EventDate "2007.02.24"]
[EventType "swiss"]
[EventRounds "9"]
[EventCountry "ESP"]
[Source "lmi"]
[SourceDate "2007.02.24"]

1. Nf3 d5 2. d4 Nf6 3. e3 e6 4. Bd3 c6 5. Nbd2 Nbd7 6. O-O Bd6 7. c3 O-O 8. e4
e5 9. exd5 cxd5 10. dxe5 Nxe5 11. Nxe5 Bxe5 12. Nf3 Bd6 13. Bg5 h6 14. Bh4 Be7
15. Bc2 Re8 16. Re1 Bg4 17. Bxf6 Bxf6 18. Rxe8+ Qxe8 19. Qxd5 Qe2 20. Qxb7 Rd8
21. Bb3 Rd2 22. Qb8+ Kh7 23. h3 Rxb2 24. Rf1 Bf5 25. g4 1-0

[Event "10. Open Internacional de Málaga"]
[Site "Campillos ESP"]
[Date "2007.03.02"]
[Round "8.14"]
[White "Herrera Mellado, Luis A"]
[Black "Cruz Ravina, Fco Javier"]
[Result "0-1"]
[WhiteElo "2140"]
[BlackElo "2285"]
[PlyCount "42"]
[EventDate "2007.02.24"]
[EventType "swiss"]
[EventRounds "9"]
[EventCountry "ESP"]
[Source "lmi"]
[SourceDate "2007.02.24"]

1. e4 d5 2. exd5 Nf6 3. d4 Nxd5 4. c4 Nb4 5. Qa4+ N8c6 6. a3 Na6 7. Be3 Bd7 8.
Qc2 e5 9. Nf3 exd4 10. Nxd4 Nxd4 11. Bxd4 Nc5 12. Nc3 Bg4 13. Nd5 c6 14. Bxc5
Bxc5 15. Qe4+ Be6 16. Nf4 Qa5+ 17. Ke2 O-O-O 18. Kf3 Rhe8 19. Qc2 Rd2 20. b4
Qd8 21. Rd1 Qg5 0-1

[Event "10. Open Internacional de Málaga"]
[Site "Campillos ESP"]
[Date "2007.03.02"]
[Round "8.15"]
[White "Diogo, Vasco"]
[Black "Lobato Lavin, Alvaro"]
[Result "1-0"]
[WhiteElo "2208"]
[BlackElo "2049"]
[PlyCount "63"]
[EventDate "2007.02.24"]
[EventType "swiss"]
[EventRounds "9"]
[EventCountry "ESP"]
[Source "lmi"]
[SourceDate "2007.02.24"]

1. e4 c5 2. Nf3 d6 3. d4 cxd4 4. Nxd4 Nf6 5. f3 a6 6. c4 g6 7. Be3 Bg7 8. Qd2
O-O 9. Be2 Nc6 10. O-O Bd7 11. Rd1 Nxd4 12. Bxd4 Bc6 13. Nc3 a5 14. b3 Nd7 15.
Be3 Nc5 16. Rab1 Qc7 17. h4 h5 18. Nd5 Bxd5 19. exd5 Nd7 20. Re1 Bf6 21. g3 Be5
22. Kg2 f5 23. Bg5 Rf7 24. Bd3 Qc5 25. Rbd1 Qb4 26. Qe2 a4 27. g4 axb3 28. axb3
Qxb3 29. Rb1 Qa2 30. gxf5 gxf5 31. Rxb7 Nc5 32. Rb5 1-0